000 01340nam a2200229Ia 4500
003 OSt
005 20210525093803.0
008 210310s1967 eu gr 000 0deng d
040 _aCO-JMCR
_cCO-JMCR
041 0 _aeng
082 0 4 _a336.202 /
_bT135t
_223
100 1 _aTait, Alan A.,
_915093
_eautor
245 1 4 _aThe taxation of personal wealth /
_cAlan A. Tait
260 _aUrbana :
_bUniversity of Illinois Press,
_c1967
300 _b238 páginas ;
_c24 cm.
500 _aIncluye datos biográficos del autor y notas a pie de página.
504 _aBibliografía: páginas 216-230
505 0 _aPersonal wealth and Its Present Distribution -- The Basis of the Existing Distribution of Wealth -- The Future Distribution of Wealth: Factor Payments -- The Flow of Factor Payments Continued: Technology, Saving, and Price Changes -- Form of Wealth Taxes and Considerations of Renenue -- Changes in the Structure of Personal Wealth Taxation: Capital Levies -- Changes in the Structure of personal Wealth Taxation: Net Worth Taxation -- Wealth Transfer Taxation: The Estate Duty -- Wealth Tranfer Taxation: Legacy Duty, Consanguinity Duties, and the Circumstance of the Legatee -- Wealth Transfer Taxation: The Rignano Proposals
650 1 4 _aImpuestos
_915095
_zEstados Unidos
650 2 4 _aRiqueza personal
_937851
942 _2ddc
_cBK
999 _c7665
_d7665